[Event "London Classic op U1600 11th"]
[Site "London"]
[Date "2019.11.30"]
[Round "2"]
[White "Fear, Lavinia"]
[Black "Lim, Yu Chin"]
[Result "0-1"]
[WhiteElo "1210"]
[BlackElo "1555"]
[PlyCount "78"]
[EventDate "2019.11.29"]
[EventType "swiss"]
[EventRounds "5"]
[EventCountry "ENG"]
[SourceTitle "CBM 195 Extra"]
[Source "ChessBase"]
[SourceDate "2020.05.31"]
[SourceVersion "1"]
[SourceVersionDate "2020.05.31"]
[SourceQuality "1"]

1. e4 d5 2. Nc3 d4 3. Nce2 e5 4. d3 Nf6 5. Bg5 Be7 6. f4 Ng4 7. Nh3 Ne3 8. Qd2 Bxh3 9. gxh3 Bxg5 10. fxg5 Qxg5 11. Rg1 Qf6 12. Ng3 g6 13. Bg2 Nc6 14. c3 0-0-0 15. Ke2 Kb8 16. Nf1 Nxg2 17. Rxg2 Qe6 18. Rg3 f5 19. exf5 gxf5 20. Kd1 Ne7 21. Kc2 f4 22. Rf3 Nf5 23. Re1 Ne3+ 24. Kb1 Qg6 25. c4 Nxc4 26. Qc2 Ne3 27. Nxe3 dxe3 28. Rd1 Qd6 29. Qb3 e4 30. Rff1 e2 31. Qc2 exd3 32. Qd2 exd1Q+ 33. Rxd1 Rhe8 34. a3 Re2 35. Qxe2 dxe2 36. Rxd6 e1Q+ 37. Ka2 Rxd6 38. h4 Qe6+ 39. Ka1 Rd1# 0-1